000 00571nam a22001937a 4500
999 _c14407
_d14407
003 AR-CdUCM
008 190423b ||||| |||| 00| 0 spa d
020 _a978-607-400-955-2
040 _aMUNICIPALIDAD PROVINCIAL DEL CUSCO
_cBIBLIOTECA MUNICIPAL DEL CUSCO
082 _aPI / 803 /
_bP28
100 _aMcdonnell, Patrick.
_933167
245 _aComo en el cielo /
260 _aEspaña :
_bOcéano travesía,
_c2016.
300 _c17 cm.
505 _aContenido :Como en el cielo ...
650 _aCuentos
_9217
942 _2ddc
_cLIBROS
945 _arum
_d2019-04-23